1536 1342 1950 1211 1917 1805 1470 1697 1585 1406 1644 1252 1030 1827 1467 1258 1012 1399 1527 1695 1994 1202 1797 1948 1160 1914 1971 1691 1984 1840 1657 1453 1699 1632 1463 1671 1826 1920 1771 1004 1221 1736 1084 1193 1944 1519 1130 1270 1825 1055 1229 1744 1599 1679 1531 1301 1602 1945 1464 1755 1170 1008 1246 1130 1182 1358 1913 1467 1767 1882 1829 1050 1220 1117 1132 1091 1145 1604 1380 1462 1921 1974 1923 1344 1586 1988 1408 1847 1033 1312 1835 1469 1504 1371 1807 1446 1653 1560 1860 BCNSPRNW ULIB Ver.6.0+V

เปลี่ยนเป็นภาษาไทย

Change to English
 แสดงรายละเอียดบรรณานุกรม
  กลับหน้าหลัก

Brief Record : Get Marc (ISO 2709) : E-mail record : QR code < ปิดหน้าต่าง
LEADER : 00000nam 2200000uu 4500
001    13399124464
003     ULIB
008    150726s2557||||th 000 0 tha d
020    ^a9789743653186
060 04 ^aWY157^bส257ก
100 0  ^aสมบูรณ์ บุณยเกียรติ
245 10 ^aการพยาบาลสตรีตั้งครรภ์ที่มีความเสี่ยงสูง 1=^bNursing care in high risk pregnant women 1 /^cสมบูรณ์ บุณยเกียรติ
250    ^aพิมพ์ครั้งที่ 1
260    ^aกรุงเทพฯ :^bสินธนา ก๊อปปี้ เซ็นเตอร์,^c2557
300    ^a248 หน้า :^bภาพประกอบ ;^c29 ซม.
500    ^aSend to Single Search
505 0  ^aการพยาบาลสตรีตั้งครรภ์ที่คลอดก่อนกำหนด--การพยาบาลสตรีตั้งครรภ์ที่มีน้ำเดินก่อนกำหนด--การพยาบาลสตรีตั้งครรภ์ที่มีทารกเจริญเติบโตช้า--การพยาบาลสตรีตั้งครรภ์ที่มีน้ำคร่ำน้อย--การพยาบาลสตรีตั้งครรภ์ที่เป็นครรภ์แฝดน้ำ--การพยาบาลสตรีตั้งครรภ์แฝด--การพยาบาลสตรีตั้งครรภ์ที่เป็นความดันโลหิตสูง--การพยาบาลสตรีตั้งครรภ์ที่เป็นโรคต่อมไทรอยด์--การพยาบาลสตรีตั้งครรภ์ที่เป็นเบาหวาน--การพยาบาลสตรีตั้งครรภ์ที่เป็นโรคธาลัสซีเมีย--การวินิจฉัยก่อนคลอด--การประเมินสุขภาพทารกในครรภ์--การตรวจอุลตร้าซาวด์
650  4 ^aครรภ์
650  4 ^aการพยาบาลสตรีตั้งครรภ์ที่มีความเสี่ยงสูง
650  0 ^aสตรีตั้งครรภ์ที่มีความเสี่ยงสูง
945    ^p360^l0^i039725
945    ^p360^l0^i039726
945    ^p360^l0^i039727
945    ^p360^l0^i039728
945    ^p360^l0^i039729
999    ^aเกษร โพธิ์สุวรรณ
รายการนี้ยังไม่มีแท็ก
คุณยังไม่ได้ล็อกอิน คุณสามารถมีกิจกรรมร่วมกับเว็บไซต์ได้ แต่ต้องล็อกอินก่อน ::
  ล็อกอิน

รายการสื่อสารสนเทศ

ลำดับที่ ประเภท เลขเรียก/บาร์โค้ด สถานที่ สถานะ
1. วิทยาศาสตร์การแพทย์ และสุขภาพ
หนังสือสำรอง
สถานะ=หนังสือสำรอง
WY157 ส257ก ฉ.1 
  Barcode: 039725
ห้องสมุดวิทยาเขตสวรรค์ประชารักษ์
►หนังสือทั่วไป
บนชั้น
2. วิทยาศาสตร์การแพทย์ และสุขภาพ
วิทยาศาสตร์การแพทย์ และสุขภาพ
WY157 ส257ก ฉ.2 
  Barcode: 039726
ห้องสมุดวิทยาเขตสวรรค์ประชารักษ์
►หนังสือทั่วไป
บนชั้น
3. วิทยาศาสตร์การแพทย์ และสุขภาพ
วิทยาศาสตร์การแพทย์ และสุขภาพ
WY157 ส257ก ฉ.3 
  Barcode: 039727
ห้องสมุดวิทยาเขตสวรรค์ประชารักษ์
►ส่วนจัดเก็บหนังสือเก่า สปร
บนชั้น
  ขอยืม
4. วิทยาศาสตร์การแพทย์ และสุขภาพ
วิทยาศาสตร์การแพทย์ และสุขภาพ
WY157 ส257ก ฉ.4 
  Barcode: 039728
ห้องสมุดวิทยาเขตสวรรค์ประชารักษ์
►หนังสือทั่วไป
บนชั้น
5. วิทยาศาสตร์การแพทย์ และสุขภาพ
วิทยาศาสตร์การแพทย์ และสุขภาพ
WY157 ส257ก ฉ.5 
  Barcode: 039729
ห้องสมุดวิทยาเขตสวรรค์ประชารักษ์
►หนังสือทั่วไป
บนชั้น

รายการใกล้เคียง
    ผู้แต่ง [สมบูรณ์ บุณยเกียรติ]

    หัวเรื่อง [ครรภ์]
    หัวเรื่อง [การพยาบาลสตรีตั้งครรภ์ที่มีความเสี่ยงสูง]
    หัวเรื่อง [สตรีตั้งครรภ์ที่มีความเสี่ยงสูง]

BibComment


ยังไม่เคยถูกคอมเมนท์

คอมเมนท์ทรัพยากรรายการนี้
  คอมเมนท์: การพยาบาลสตรีตั้..


 Copyright 2026. Bcnsprnw @Library